Hành trình của quyền con người : Những quan điểm kinh điển và hiện đại

Tập hợp những quan điểm kinh điển và hiện đại về quyền con người và các nhóm quyền con người xuất hiện qua tiến trình thời gian trong lịch sử được sắp xếp chủ yếu theo cách phân chia các thế hệ quyền con người và đảm bảo quyền con n...

Descripció completa

Guardat en:
Dades bibliogràfiques
Autor principal: Mai, Hồng Quỳ
Format: Llibre
Idioma:Undetermined
Publicat: Hà Nội Tri thức 2010
Matèries:
Etiquetes: Afegir etiqueta
Sense etiquetes, Sigues el primer a etiquetar aquest registre!
Thư viện lưu trữ: Trung tâm Học liệu Trường Đại học Cần Thơ
LEADER 01311nam a2200217Ia 4500
001 CTU_192787
008 210402s9999 xx 000 0 und d
020 |c 39000 
082 |a 323 
082 |b Qu600 
100 |a Mai, Hồng Quỳ 
245 0 |a Hành trình của quyền con người : 
245 0 |b Những quan điểm kinh điển và hiện đại 
245 0 |c Mai Hồng Quỳ chủ biên ; Phạm Trí Hùng, Nguyễn Thị Phương Hoa (Biên soạn) 
260 |a Hà Nội 
260 |b Tri thức 
260 |c 2010 
520 |a Tập hợp những quan điểm kinh điển và hiện đại về quyền con người và các nhóm quyền con người xuất hiện qua tiến trình thời gian trong lịch sử được sắp xếp chủ yếu theo cách phân chia các thế hệ quyền con người và đảm bảo quyền con người của các nhà tư tưởng như Rousseau, Montesquieu, John Stuart Mill, Tocqueville, Karl Marx, Engels, Lênin, Hồ Chí Minh...và các văn kiện quốc tế về quyền con người 
650 |a Human rights,Nhân quyền 
910 |a Hải 
980 |a Trung tâm Học liệu Trường Đại học Cần Thơ